<?xml version="1.0" encoding="UTF-8"?>
<collection xmlns="http://www.loc.gov/MARC21/slim">
<record>
  <controlfield tag="001">107256</controlfield>
  <controlfield tag="005">20210909132531.0</controlfield>
  <datafield tag="037" ind1=" " ind2=" ">
    <subfield code="a">TAZ-TFG-2021-452</subfield>
  </datafield>
  <datafield tag="041" ind1=" " ind2=" ">
    <subfield code="a">spa</subfield>
  </datafield>
  <datafield tag="100" ind1="1" ind2=" ">
    <subfield code="a">Rodríguez Hernando, Paula</subfield>
  </datafield>
  <datafield tag="242" ind1="0" ind2="0">
    <subfield code="a">Education Program for Staff Nurses about the Psycho-Emotional Impact of the COVID-19 Pandemic on Frontline Healthcare Workers.</subfield>
  </datafield>
  <datafield tag="245" ind1="0" ind2="0">
    <subfield code="a">Programa de formación para enfermería sobre la repercusión psico-emocional de la pandemia del  COVID-19 en profesionales sanitarios de primera línea</subfield>
  </datafield>
  <datafield tag="260" ind1=" " ind2=" ">
    <subfield code="a">Zaragoza</subfield>
    <subfield code="b">Universidad de Zaragoza</subfield>
    <subfield code="c">2021</subfield>
  </datafield>
  <datafield tag="506" ind1=" " ind2=" ">
    <subfield code="a">by-nc-sa</subfield>
    <subfield code="b">Creative Commons</subfield>
    <subfield code="c">3.0</subfield>
    <subfield code="u">http://creativecommons.org/licenses/by-nc-sa/3.0/</subfield>
  </datafield>
  <datafield tag="520" ind1=" " ind2=" ">
    <subfield code="a">Introducción: El impacto global de la pandemia ocasionada por el COVID19 ha supuesto millones de contagios alrededor del mundo, con graves repercusiones a nivel psico-emocional en los profesionales sanitarios. El afrontamiento de las situaciones causadas por la pandemia ha influido negativamente en la salud mental de estos profesionales, produciendo alteraciones como estrés, ansiedad, depresión, burnout e insomnio. Existen diferentes factores asociados a la aparición de estos trastornos, aunque cabe destacar las importantes cifras de prevalencia en profesionales de enfermería, ya que son quienes mantienen un contacto más estrecho y continuo con los pacientes infectados. Esta exposición a la enfermedad junto con otros factores como el desconocimiento de la misma generan sentimientos de miedo e impotencia que repercuten sensiblemente en la salud mental de las enfermeras.  &lt;br />Objetivos: el objetivo principal es elaborar un programa de formación para los profesionales de enfermería de unidades de primera línea de atención clínica para el abordaje terapéutico de los trastornos psico-emocionales mencionados.  &lt;br />Metodología: Para la realización del programa, se ha llevado a cabo una búsqueda bibliográfica en bases científicas e informes epidemiológicos nacionales.  &lt;br />Conclusiones: Se hace evidente la necesidad de instaurar programas y actividades destinadas al tratamiento y prevención de los trastornos psicoemocionales principales causados por la pandemia del COVID-19 en los profesionales de enfermería. Así como la consideración de la salud mental de estos profesionales como una esfera principal en el abordaje de dichas intervenciones.  &lt;br />Palabras clave: psico-emocional, COVID-19, profesionales, enfermería &lt;br />&lt;br /></subfield>
  </datafield>
  <datafield tag="521" ind1=" " ind2=" ">
    <subfield code="a">Graduado en Enfermería</subfield>
  </datafield>
  <datafield tag="540" ind1=" " ind2=" ">
    <subfield code="a">Derechos regulados por licencia Creative Commons</subfield>
  </datafield>
  <datafield tag="700" ind1=" " ind2=" ">
    <subfield code="a">Subirón Valera, Ana Belén</subfield>
    <subfield code="e">dir.</subfield>
  </datafield>
  <datafield tag="710" ind1="2" ind2=" ">
    <subfield code="a">Universidad de Zaragoza</subfield>
    <subfield code="b">Fisiatría y Enfermería</subfield>
    <subfield code="c"></subfield>
  </datafield>
  <datafield tag="856" ind1="0" ind2=" ">
    <subfield code="f">760554@unizar.es</subfield>
  </datafield>
  <datafield tag="856" ind1="4" ind2=" ">
    <subfield code="s">567953</subfield>
    <subfield code="u">http://zaguan.unizar.es/record/107256/files/TAZ-TFG-2021-452.pdf</subfield>
    <subfield code="y">Memoria (spa)</subfield>
  </datafield>
  <datafield tag="909" ind1="C" ind2="O">
    <subfield code="o">oai:zaguan.unizar.es:107256</subfield>
    <subfield code="p">driver</subfield>
    <subfield code="p">trabajos-fin-grado</subfield>
  </datafield>
  <datafield tag="950" ind1=" " ind2=" ">
    <subfield code="a"></subfield>
  </datafield>
  <datafield tag="980" ind1=" " ind2=" ">
    <subfield code="a">TAZ</subfield>
    <subfield code="b">TFG</subfield>
    <subfield code="c">EUCS</subfield>
  </datafield>
  <datafield tag="999" ind1=" " ind2=" ">
    <subfield code="a">20210517205635.CREATION_DATE</subfield>
  </datafield>
  <datafield tag="951" ind1=" " ind2=" ">
    <subfield code="a">deposita:2021-09-09</subfield>
  </datafield>
</record>
</collection>